| 000 | 00409cam a2200157ua 4500 | ||
|---|---|---|---|
| 003 | OSt | ||
| 008 | 240115b |||||||| |||| 00| 0 eng d | ||
| 041 | _amal | ||
| 082 |
_a894.812301 _bMOH/DU |
||
| 100 |
_aMohanan, N . _95740 |
||
| 245 | _aDhukkathinte rathrikal / | ||
| 250 | _a1 / | ||
| 260 |
_aKottayam : _bPrabhatham printing and publishing co. pvt. ltd. , _c1960. |
||
| 300 | _a143 ; . | ||
| 942 | _cBK | ||
| 999 |
_c11529 _d11529 |
||